<?xml version="1.0" encoding="UTF-8"?>
<record
    xmlns:xsi="http://www.w3.org/2001/XMLSchema-instance"
    xsi:schemaLocation="http://www.loc.gov/MARC21/slim http://www.loc.gov/standards/marcxml/schema/MARC21slim.xsd"
    xmlns="http://www.loc.gov/MARC21/slim">

  <leader>01638nam a2200229 a 4500</leader>
  <controlfield tag="001">17129</controlfield>
  <controlfield tag="003">CO-ViMGA</controlfield>
  <controlfield tag="008">141112s2004    ck      r     000 u spa d</controlfield>
  <datafield tag="020" ind1=" " ind2=" ">
    <subfield code="a">8420008915</subfield>
  </datafield>
  <datafield tag="040" ind1=" " ind2=" ">
    <subfield code="a">CO-ViMGA</subfield>
    <subfield code="b">spa</subfield>
    <subfield code="c">CO-ViMGA</subfield>
  </datafield>
  <datafield tag="082" ind1="0" ind2="4">
    <subfield code="a">664 P677c</subfield>
  </datafield>
  <datafield tag="100" ind1="1" ind2=" ">
    <subfield code="a">Potter, Norman N.; Hotchkiss, Joseph H.</subfield>
    <subfield code="9">24317</subfield>
  </datafield>
  <datafield tag="245" ind1="1" ind2="0">
    <subfield code="a">Ciencia de los alimentos</subfield>
  </datafield>
  <datafield tag="260" ind1=" " ind2=" ">
    <subfield code="a">Zaragoza (Espa&#xF1;a), </subfield>
    <subfield code="c">Acribia, </subfield>
    <subfield code="c">1999</subfield>
  </datafield>
  <datafield tag="300" ind1=" " ind2=" ">
    <subfield code="a">667.p.</subfield>
  </datafield>
  <datafield tag="505" ind1=" " ind2=" ">
    <subfield code="a">La ciencia de los alimentos como disciplina Caracteristicas de la industria alimentaria Constituyentes de los alimentos Aspectos nutritivos Operaciones unitarias en el procesado de alimentos Factores de calidad de los alimentos La alteraci&#xF3;n de los alimentos y su control Grados de conservaci&#xF3;n Conservaci&#xF3;n y procesado por fr&#xED;o Deshidrataci&#xF3;n y concentraci&#xF3;n de alimentos Procesado de los alimentos con irradiaci&#xF3;n , microondas y tratamiento &#xF3;hmico La fermentaci&#xF3;n y otras aplicaciones de los microorganismos Leche y productos l&#xE1;cteos Carne , aves , huevos Alimentos marinos Grasas , aceites y derivados Cereales , leguminosas y semillas oleaginosas Hortalizas y frutas Bebidas Productos de confiteria y chocolates Procesado de alimentos y medio ambiente - Aguas residuales Seguridad alimentaria peligros y riesgos Legislaci&#xF3;n alimentaria y etiquetado nutricional Hambre , tecnolog&#xED;a y necesidades mundiales de alimentos Principios del envasado de los alimentos</subfield>
  </datafield>
  <datafield tag="590" ind1=" " ind2=" ">
    <subfield code="a">Forma de adquisici&#xF3;n : Premio - Mincultura</subfield>
  </datafield>
  <datafield tag="650" ind1="1" ind2="4">
    <subfield code="a">ALIMENTOS</subfield>
    <subfield code="9">15803</subfield>
  </datafield>
  <datafield tag="650" ind1="1" ind2="4">
    <subfield code="a">ALIMENTOS - INDUSTRIA Y CONSERVACION</subfield>
    <subfield code="9">24318</subfield>
  </datafield>
  <datafield tag="650" ind1="1" ind2="4">
    <subfield code="a">CONSERVACION DE ALIMENTOS</subfield>
    <subfield code="9">22077</subfield>
  </datafield>
  <datafield tag="942" ind1=" " ind2=" ">
    <subfield code="2">ddc</subfield>
    <subfield code="c">BK</subfield>
  </datafield>
  <datafield tag="999" ind1=" " ind2=" ">
    <subfield code="c">26733</subfield>
    <subfield code="d">26733</subfield>
  </datafield>
  <datafield tag="952" ind1=" " ind2=" ">
    <subfield code="0">0</subfield>
    <subfield code="1">0</subfield>
    <subfield code="2">ddc</subfield>
    <subfield code="4">0</subfield>
    <subfield code="7">0</subfield>
    <subfield code="8">002</subfield>
    <subfield code="a">MEVIECAR</subfield>
    <subfield code="b">MEVIECAR</subfield>
    <subfield code="d">2015-12-04</subfield>
    <subfield code="h">Volumen. 1 | 11/jun/2009</subfield>
    <subfield code="l">1</subfield>
    <subfield code="o">664 P677c </subfield>
    <subfield code="p">17129</subfield>
    <subfield code="r">2018-09-21 00:00:00</subfield>
    <subfield code="s">2016-08-19</subfield>
    <subfield code="t">Ej. 1</subfield>
    <subfield code="w">2015-12-04</subfield>
    <subfield code="y">BK</subfield>
  </datafield>
</record>
